000 01079naa a22002897a 4500
001 BR6007410
003 BR-BrBNA
005 20240918172929.0
007 ta
008 230509b bl.||||| |||| 00| 0 por d
040 _aBR-BrBNA
_bpor
_cBiblioteca Nacional de Agricultura
041 _a(Pt)
072 _aF30
_b0120
090 _aF30 BR6007410
100 1 _aVencovsky, R.
111 1 _a10. Reuniao Brasileira de Milho e Sorgo
_cSete Lagoas, MG (Brazil)
_d22 Jul 1974
245 1 _aVerificacao da eficiencia da selecao reciproca recorrente baseada em familias de meias irmas [melhoramento genetico vegetal, milho]
260 3 _aSete Lagoas, MG (Brasil):
_c1974.
500 _aAnais da 10. Reuniao Brasileira de Milho e Sorgo Sete Lagoas, MG (Brasil): 1974. p. 177-179 (BR6007410-AM)F30
650 _aMILHO
650 _aSELECAO
650 _aLINHAGEM
650 _aVARIEDADE
773 0 _tAnais da 10. Reuniao Brasileira de Milho e Sorgo
_wF30 BR6007410
_gSete Lagoas, MG (Brasil), 1974. p. 177-179
909 _a202404
_bLucia
_c55
_dLucia Elande
942 _cAM
_2AGRIS
999 _c302118
_d302118